000 00411pam a2200169 a 4500
020 _c
041 _h
082 _a621.317
_bSEN
100 _aSEN P. C.
245 _aPOWER ELECTRONICS/
_hTextual Documents
250 _a01-01-2005.
260 _bTATA MC GRAW HILL PUBLISHING CO. LTD., NEW DELHI
300 _aXV/1031
_c22 X 15
500 _a10112
653 _aPOWER ELECTRONICS (T.E.-II)
930 _a9647
999 _c52872
_d52872